000 00553nam a2200181Ia 4500
005 20250508160947.0
008 008 250505s9999 xx 000 0 eng d
037 _aTextual
040 _aFEDL
_beng
_cFEDL
041 _aeng
_2eng
084 _a379.111, BAK
_qFEDL
100 _aBarker M Abu
_9769863
245 0 _aUnion and the states in education: A study in educational finance and planning
260 _aNew Delhi, India
_bShabd Sanchar
_c1976
300 _axv,258p
942 _cTEXL
_h379.111, BAK
999 _c1367629
_d1367629